000 00571nam a22002057a 4500
999 _c6995
_d6995
003 OSt
005 20210604163736.0
008 160513b xxu||||| |||| 00| 0 eng d
020 _a0199636443
040 _cDDC.
082 _a572.8ESS 2001.
100 _aEdited by Brown,T.A;
_98742
245 _aEssential Molecular Biology.
_bPractical approach.
250 _a2nd ed. Vol Two
260 _aUk.
_bOxford University Press.
_c2000.
300 _axx,289p;
_bill.
_c26cm.
504 _aAppendix and index are included.
650 _aBiology.
_95602
942 _2ddc
_cO_SHELF